000 01013nam a2200217Ii 4500
003 JO-AjNU
008 230605s9999||||xx |||||||||||||| ||und||
017 _a1998/7/1172
040 _aJO-AjNU
_bara
_erda
_cJO-AjNU
041 _aara
050 1 4 _aPJ6119.W36 1998
100 3 _aاعداد عبد الخالق، غسان اسماعيل,
_eauthor
_933542
245 0 0 _aوقائع حلقة النقاش الأولى حول تطوير أساليب تعليم اللغة العربية لغير الناطقين بها 8 كانون الثاني 1997
250 _aط1
264 3 1 _aعمان: جامعة فيلادلفيا، 1998
300 _a111ص
336 _atext
_btxt
_2rdacontent
337 _aunmediated
_bn
_2rdamedia
338 _avolume
_bnc
_2rdacarrier
650 4 _aوقائع حلقة النقاش الأولى حول تطوير أساليب تعليم اللغة العربية لغير الناطقين بها 8 كانون الثاني 1997-تعليم اللغة العربية-تعليم
_933543
999 _aA13664
_c17232
_d17232